[Event "LSS No Engine Cup 227 Preliminary 0"]
[Site "LSS email"]
[Date "2022.05.26"]
[Round "?"]
[White "Lukin, Andrey"]
[Black "Schoppe, Gottfried"]
[Result "1-0"]
[WhiteElo "1707"]
[BlackElo "1204"]
[PlyCount "67"]
[EventDate "2022.05.26"]
[EventType "tourn (corr)"]
[EventRounds "6"]
[EventCountry "GER"]
[SourceTitle "Corr 2024"]
[Source "ChessBase"]
[SourceDate "2023.10.19"]
[SourceVersion "1"]
[SourceVersionDate "2023.10.19"]
[SourceQuality "1"]

1. e4 c5 2. Nf3 d6 3. d4 cxd4 4. Nxd4 Bd7 5. Nc3 Nf6 6. Bg5 e6 7. f4 h6 8. Bh4 Be7 9. Bf2 Nc6 10. Ndb5 Qb8 11. Be2 a6 12. Nd4 0-0 13. 0-0 b5 14. a3 e5 15. fxe5 Nxe5 16. Nf5 Bxf5 17. exf5 Rd8 18. Nd5 Nxd5 19. Qxd5 Qc7 20. Qb3 Bf6 21. Rad1 Nc4 22. c3 d5 23. a4 bxa4 24. Qc2 Rab8 25. Rb1 Rb3 26. Rfd1 Qe5 27. Bd4 Ne3 28. Qc1 Qxf5 29. Qxe3 a5 30. Bd3 Qe6 31. Bc2 Bxd4 32. Qxd4 Qc6 33. Bxb3 axb3 34. Ra1 1-0

[Event "LSS No Engine Cup 194 Preliminary 0"]
[Site "LSS email"]
[Date "2019.10.14"]
[Round "?"]
[White "Hoehne, Ernst"]
[Black "Schoppe, Gottfried"]
[Result "1-0"]
[WhiteElo "2075"]
[BlackElo "1239"]
[PlyCount "47"]
[EventDate "2019.10.15"]
[EventType "tourn (corr)"]
[EventRounds "6"]
[EventCountry "GER"]
[SourceTitle "Corr 2022"]
[Source "ChessBase"]
[SourceDate "2021.10.24"]
[SourceVersion "1"]
[SourceVersionDate "2021.10.24"]
[SourceQuality "1"]

1. e4 e5 2. Nf3 Nc6 3. d4 exd4 4. Nxd4 Ne5 5. Nc3 Nf6 6. f4 Ng6 7. Nf3 Bb4 8. Bd3 0-0 9. 0-0 d6 10. Nd5 Nxd5 11. exd5 Bg4 12. h3 Bxf3 13. Qxf3 Qf6 14. c3 Bc5+ 15. Kh2 Rfe8 16. Bd2 Nh4 17. Qg4 Ng6 18. Rae1 Rxe1 19. Rxe1 Bf2 20. Re2 Bb6 21. g3 Rd8 22. Qf3 Ne5 23. Qe4 Nxd3 24. Qe8+ 1-0

[Event "LSS No Engine Cup 194 Preliminary 0"]
[Site "LSS email"]
[Date "2019.10.14"]
[Round "?"]
[White "Schoppe, Gottfried"]
[Black "Lonyuk, Bohdan"]
[Result "1/2-1/2"]
[WhiteElo "1239"]
[BlackElo "1616"]
[PlyCount "72"]
[EventDate "2019.10.15"]
[EventType "tourn (corr)"]
[EventRounds "6"]
[EventCountry "GER"]
[SourceTitle "Corr 2022"]
[Source "ChessBase"]
[SourceDate "2021.10.24"]
[SourceVersion "1"]
[SourceVersionDate "2021.10.24"]
[SourceQuality "1"]

1. e4 c5 2. Nc3 e6 3. Nf3 Nc6 4. Bb5 Nge7 5. 0-0 a6 6. Be2 d5 7. exd5 Nxd5 8. d4 Nf6 9. dxc5 Qxd1 10. Rxd1 Bxc5 11. Bg5 Be7 12. Nd4 Bd7 13. Bf3 h6 14. Bh4 Rc8 15. Rd2 Nxd4 16. Rxd4 Bc5 17. Bxf6 gxf6 18. Rd2 Rc7 19. Rad1 Ke7 20. Re2 f5 21. Nd5+ Kd8 22. Nxc7 Kxc7 23. Bxb7 Bb5 24. Bf3 Bxe2 25. Bxe2 a5 26. a3 Rb8 27. b4 axb4 28. axb4 Rxb4 29. c4 Rb2 30. Kf1 Rc2 31. f3 h5 32. h3 h4 33. Ke1 Bb4+ 34. Kf1 Kc6 35. Kf2 f4 36. Kf1 Ra2 1/2-1/2

[Event "LSS No Engine Cup 191 Preliminary 0"]
[Site "LSS email"]
[Date "2019.07.06"]
[Round "?"]
[White "Ruzicka, Richard"]
[Black "Schoppe, Gottfried"]
[Result "1-0"]
[WhiteElo "1711"]
[BlackElo "1232"]
[PlyCount "95"]
[EventDate "2019.07.07"]
[EventType "tourn (corr)"]
[EventRounds "6"]
[EventCountry "GER"]
[SourceTitle "Corr 2022"]
[Source "ChessBase"]
[SourceDate "2021.10.24"]
[SourceVersion "1"]
[SourceVersionDate "2021.10.24"]
[SourceQuality "1"]

1. e4 c5 2. d4 cxd4 3. c3 Nc6 4. cxd4 d6 5. Nf3 Bg4 6. Be2 Nf6 7. Nc3 Rc8 8. 0-0 g6 9. h3 Bd7 10. Be3 a6 11. a3 Bg7 12. e5 dxe5 13. dxe5 Ng8 14. Nd5 Be6 15. Nb6 Qxd1 16. Raxd1 Rd8 17. Rxd8+ Kxd8 18. Rd1+ Kc7 19. Ng5 Nh6 20. Nxe6+ fxe6 21. Rd7+ Kb8 22. f4 Nf5 23. Bf2 Rd8 24. Rxd8+ Nxd8 25. g4 Nh6 26. Kg2 Nhf7 27. h4 Nc6 28. b4 Kc7 29. Na4 h6 30. Bb6+ Kb8 31. Bc4 Nfd8 32. g5 hxg5 33. hxg5 Bxe5 34. fxe5 Nf7 35. Be3 Nfxe5 36. Bf4 b5 37. Bd3 Ka7 38. Bxe5 Nxe5 39. Nc5 Kb6 40. Be4 a5 41. Nxe6 axb4 42. axb4 Ka7 43. Nf4 Nf7 44. Ne6 Ne5 45. Kg3 Kb6 46. Kf4 Nc4 47. Bxg6 Kc6 48. Bf7 1-0

[Event "LSS No Engine Cup 190 Preliminary 0"]
[Site "LSS email"]
[Date "2019.05.19"]
[Round "?"]
[White "Schoppe, Gottfried"]
[Black "Chester, Ian"]
[Result "0-1"]
[WhiteElo "1248"]
[BlackElo "1684"]
[PlyCount "48"]
[EventDate "2019.05.20"]
[EventType "tourn (corr)"]
[EventRounds "6"]
[EventCountry "GER"]
[SourceTitle "Corr 2022"]
[Source "ChessBase"]
[SourceDate "2021.10.24"]
[SourceVersion "1"]
[SourceVersionDate "2021.10.24"]
[SourceQuality "1"]

1. e4 c5 2. Nc3 a6 3. Nf3 e6 4. a4 Nc6 5. d4 cxd4 6. Nxd4 Bc5 7. Nb3 Ba7 8. Be2 Nf6 9. 0-0 0-0 10. Bg5 h6 11. Bh4 b6 12. Bf3 Ne5 13. Be2 Ng6 14. Bg3 e5 15. Kh1 Bb7 16. f3 Nh5 17. Bxe5 Nxe5 18. f4 Nxf4 19. Rxf4 Bb8 20. Rf1 Ng6 21. Bf3 Qh4 22. h3 Qg3 23. Kg1 Nf4 24. Qe1 Nxh3+ 0-1

[Event "LSS No Engine Cup 189 Preliminary 0"]
[Site "LSS email"]
[Date "2019.04.15"]
[Round "?"]
[White "Schoppe, Gottfried"]
[Black "Van Helden, Rene"]
[Result "0-1"]
[WhiteElo "1260"]
[BlackElo "1889"]
[PlyCount "40"]
[EventDate "2019.04.16"]
[EventType "tourn (corr)"]
[EventRounds "6"]
[EventCountry "GER"]
[SourceTitle "Corr 2022"]
[Source "ChessBase"]
[SourceDate "2021.10.24"]
[SourceVersion "1"]
[SourceVersionDate "2021.10.24"]
[SourceQuality "1"]

1. e4 e5 2. Nf3 Nc6 3. Bc4 Nf6 4. d3 Be7 5. 0-0 0-0 6. c3 d5 7. exd5 Nxd5 8. Re1 Bg4 9. Nbd2 Kh8 10. Bb5 f6 11. Bxc6 bxc6 12. Qa4 Qd7 13. h3 Bh5 14. d4 Nf4 15. dxe5 fxe5 16. Nxe5 Qf5 17. Qxc6 Nxh3+ 18. gxh3 Qxf2+ 19. Kh1 Qxe1+ 20. Kh2 Qxe5+ 0-1

[Event "LSS No Engine Cup 189 Preliminary 0"]
[Site "LSS email"]
[Date "2019.04.15"]
[Round "?"]
[White "Van Bommel, Ton"]
[Black "Schoppe, Gottfried"]
[Result "1-0"]
[WhiteElo "2398"]
[BlackElo "1260"]
[PlyCount "73"]
[EventDate "2019.04.16"]
[EventType "tourn (corr)"]
[EventRounds "6"]
[EventCountry "GER"]
[SourceTitle "Corr 2022"]
[Source "ChessBase"]
[SourceDate "2021.10.24"]
[SourceVersion "1"]
[SourceVersionDate "2021.10.24"]
[SourceQuality "1"]

1. d4 Nf6 2. c4 e6 3. Nf3 Nc6 4. a3 Be7 5. d5 exd5 6. cxd5 Nb8 7. Nc3 d6 8. e4 0-0 9. Be2 Nbd7 10. Bf4 Nc5 11. Qc2 Re8 12. 0-0-0 Bf8 13. Nd2 Bg4 14. f3 Bd7 15. b4 Na6 16. Be3 Rc8 17. Kb1 c5 18. dxc6 Rxc6 19. b5 Rxc3 20. Qxc3 Qc7 21. Qxc7 Nxc7 22. a4 d5 23. Bxa7 dxe4 24. Nxe4 Bf5 25. Bd3 Nxe4 26. Bxe4 Bxe4+ 27. fxe4 Rxe4 28. Rd4 f5 29. Rxe4 fxe4 30. Rd1 Ne6 31. Rd7 Bc5 32. Rxb7 Bb4 33. Kc2 Ba5 34. Be3 Bc7 35. g3 h6 36. b6 Bd6 37. Rd7 1-0

[Event "LSS No Engine Cup 188 Preliminary 0"]
[Site "LSS email"]
[Date "2019.03.14"]
[Round "?"]
[White "Schoppe, Gottfried"]
[Black "Rost, Bernd"]
[Result "0-1"]
[WhiteElo "1250"]
[BlackElo "1600"]
[PlyCount "58"]
[EventDate "2019.03.15"]
[EventType "tourn (corr)"]
[EventRounds "6"]
[EventCountry "GER"]
[SourceTitle "Corr 2022"]
[Source "ChessBase"]
[SourceDate "2021.10.24"]
[SourceVersion "1"]
[SourceVersionDate "2021.10.24"]
[SourceQuality "1"]

1. e4 d5 2. exd5 Qxd5 3. Nc3 Qd8 4. Bb5+ c6 5. Ba4 Nf6 6. Nf3 e6 7. 0-0 a5 8. a3 Nbd7 9. d3 b5 10. Bb3 Qc7 11. h3 Be7 12. Re1 0-0 13. Ng5 Nc5 14. Ba2 h6 15. Nf3 Ncd7 16. Be3 Bb7 17. Qd2 Bd6 18. Rad1 Rfd8 19. Bxh6 gxh6 20. Qxh6 Bf4 21. Qh4 c5 22. Nxb5 Qb8 23. a4 Kg7 24. Bxe6 Rh8 25. Bxd7 Bxf3 26. Qxh8+ Qxh8 27. gxf3 Nxd7 28. Re4 Qxh3 29. Rxf4 Rh8 0-1

[Event "LSS No Engine Cup 187 Preliminary 0"]
[Site "LSS email"]
[Date "2019.02.11"]
[Round "?"]
[White "Schoppe, Gottfried"]
[Black "Eschert, Uwe"]
[Result "0-1"]
[WhiteElo "1265"]
[BlackElo "1797"]
[PlyCount "72"]
[EventDate "2019.02.12"]
[EventType "tourn (corr)"]
[EventRounds "6"]
[EventCountry "GER"]
[SourceTitle "Corr 2022"]
[Source "ChessBase"]
[SourceDate "2021.10.24"]
[SourceVersion "1"]
[SourceVersionDate "2021.10.24"]
[SourceQuality "1"]

1. e4 c5 2. Nf3 Nc6 3. d4 cxd4 4. Nxd4 Nf6 5. Nc3 e5 6. Ndb5 d6 7. Bd3 a6 8. Na3 b5 9. Nd5 Be7 10. 0-0 0-0 11. Nxe7+ Nxe7 12. Bg5 Nc6 13. c3 h6 14. Bh4 Be6 15. Kh1 g5 16. Bg3 d5 17. exd5 Qxd5 18. Nc2 Rad8 19. Be2 Kg7 20. Bf3 e4 21. Qxd5 Rxd5 22. Bd1 Rd2 23. b3 Rd3 24. c4 bxc4 25. bxc4 Bxc4 26. Re1 Be6 27. Re3 Rfd8 28. Rxd3 exd3 29. Ne3 Ne4 30. f3 Nc3 31. Bb3 Bxb3 32. axb3 d2 33. Nd1 Nxd1 34. Rxd1 Na5 35. b4 Nc4 36. Bf2 Nb2 0-1

[Event "LSS No Engine Cup 187 Preliminary 0"]
[Site "LSS email"]
[Date "2019.02.11"]
[Round "?"]
[White "Schoppe, Gottfried"]
[Black "Pech, Stepan"]
[Result "1-0"]
[WhiteElo "1265"]
[BlackElo "1553"]
[PlyCount "65"]
[EventDate "2019.02.12"]
[EventType "tourn (corr)"]
[EventRounds "6"]
[EventCountry "GER"]
[SourceTitle "Corr 2022"]
[Source "ChessBase"]
[SourceDate "2021.10.24"]
[SourceVersion "1"]
[SourceVersionDate "2021.10.24"]
[SourceQuality "1"]

1. e4 c5 2. Nf3 d6 3. d4 cxd4 4. Nxd4 Nf6 5. Nc3 a6 6. Bg5 e6 7. Bd3 Nbd7 8. 0-0 Be7 9. a4 Nc5 10. b4 Nxd3 11. cxd3 Nxe4 12. Bxe7 Nxc3 13. Bxd8 Nxd1 14. Rfxd1 Kxd8 15. b5 e5 16. Nf3 axb5 17. axb5 Rxa1 18. Rxa1 f6 19. b6 Ke7 20. h3 Be6 21. Ra7 Rb8 22. Kf1 Kd7 23. Ra1 Rc8 24. Ke1 Rc6 25. Rb1 Rc3 26. Kd2 Rxd3+ 27. Kc1 Ra3 28. Nd2 Bf5 29. Rb2 Ra1+ 30. Nb1 Rxb1+ 31. Rxb1 Bxb1 32. Kxb1 Kc6 33. Kc2 1-0

[Event "LSS No Engine Cup 186 Preliminary 0"]
[Site "LSS email"]
[Date "2019.01.20"]
[Round "?"]
[White "Schoppe, Gottfried"]
[Black "Vio, Mauro"]
[Result "0-1"]
[WhiteElo "1275"]
[BlackElo "1894"]
[PlyCount "82"]
[EventDate "2019.01.23"]
[EventType "tourn (corr)"]
[EventRounds "6"]
[EventCountry "GER"]
[SourceTitle "Corr 2022"]
[Source "ChessBase"]
[SourceDate "2021.10.24"]
[SourceVersion "1"]
[SourceVersionDate "2021.10.24"]
[SourceQuality "1"]

1. e4 e5 2. Nf3 Nc6 3. Bc4 Bc5 4. d3 Nf6 5. Bg5 h6 6. Bh4 d6 7. 0-0 Na5 8. Nbd2 0-0 9. a3 Nxc4 10. Nxc4 b5 11. Ne3 c6 12. b4 Bxe3 13. fxe3 Bg4 14. h3 Bh5 15. g4 Bg6 16. g5 hxg5 17. Bxg5 Qd7 18. Bxf6 Qxh3 19. Bh4 Bh5 20. Rf2 Bxf3 21. Qxf3 Qxh4 22. Rh2 Qg5+ 23. Kf2 f5 24. Ke2 fxe4 25. Qxe4 d5 26. Qh7+ Kf7 27. Rf2+ Ke7 28. Qh2 Rxf2+ 29. Qxf2 Rf8 30. Qg1 Qf6 31. Qg3 Rf7 32. Rg1 Kd7 33. Qh3+ Kc7 34. Qg2 Kb6 35. c3 d4 36. cxd4 exd4 37. e4 Qe6 38. Ke1 Qb3 39. Qd2 Rf3 40. Ke2 Re3+ 41. Kf2 Qf7+ 0-1

[Event "LSS No Engine Cup 186 Preliminary 0"]
[Site "LSS email"]
[Date "2019.01.20"]
[Round "?"]
[White "Townsend, John"]
[Black "Schoppe, Gottfried"]
[Result "1-0"]
[WhiteElo "1861"]
[BlackElo "1275"]
[PlyCount "53"]
[EventDate "2019.01.23"]
[EventType "tourn (corr)"]
[EventRounds "6"]
[EventCountry "GER"]
[SourceTitle "Corr 2022"]
[Source "ChessBase"]
[SourceDate "2021.10.24"]
[SourceVersion "1"]
[SourceVersionDate "2021.10.24"]
[SourceQuality "1"]

1. e4 e5 2. Nf3 Nc6 3. Bc4 Nf6 4. Ng5 d5 5. exd5 Nxd5 6. d4 Nxd4 7. c3 b5 8. Bd3 Ne6 9. Bxb5+ Ke7 10. Bc6 Rb8 11. Qxd5 Qxd5 12. Bxd5 h6 13. Nxe6 Bxe6 14. Bxe6 Kxe6 15. Nd2 Be7 16. 0-0 Bg5 17. Nc4 Bf6 18. Re1 Rhd8 19. Be3 a6 20. Rad1 Rd6 21. Nxd6 cxd6 22. b3 Be7 23. f4 f5 24. fxe5 dxe5 25. c4 Bb4 26. Re2 Rb7 27. c5 1-0

[Event "LSS No Engine Cup 185 Preliminary 0"]
[Site "LSS email"]
[Date "2018.12.28"]
[Round "?"]
[White "Schoppe, Gottfried"]
[Black "Vasek, Vladimir"]
[Result "0-1"]
[WhiteElo "1268"]
[BlackElo "2109"]
[PlyCount "34"]
[EventDate "2018.12.29"]
[EventType "tourn (corr)"]
[EventRounds "6"]
[EventCountry "GER"]
[SourceTitle "Corr 2022"]
[Source "ChessBase"]
[SourceDate "2021.10.24"]
[SourceVersion "1"]
[SourceVersionDate "2021.10.24"]
[SourceQuality "1"]

1. e4 e6 2. d4 d5 3. e5 c5 4. c3 Nc6 5. Nf3 Qb6 6. b3 cxd4 7. cxd4 Bb4+ 8. Bd2 Nxd4 9. Nxd4 Qxd4 10. Bxb4 Qxb4+ 11. Qd2 Qe4+ 12. Qe2 Qd4 13. Qb5+ Bd7 14. Qxb7 Rc8 15. Bb5 Qxe5+ 16. Kd2 Qd4+ 17. Ke2 Rc2+ 0-1

[Event "LSS No Engine Cup 185 Preliminary 0"]
[Site "LSS email"]
[Date "2018.12.28"]
[Round "?"]
[White "Strnad, Pavel"]
[Black "Schoppe, Gottfried"]
[Result "0-1"]
[WhiteElo "1002"]
[BlackElo "1268"]
[PlyCount "78"]
[EventDate "2018.12.29"]
[EventType "tourn (corr)"]
[EventRounds "6"]
[EventCountry "GER"]
[SourceTitle "Corr 2022"]
[Source "ChessBase"]
[SourceDate "2021.10.24"]
[SourceVersion "1"]
[SourceVersionDate "2021.10.24"]
[SourceQuality "1"]

1. e4 c5 2. f4 Nc6 3. Nf3 d6 4. Nc3 Nf6 5. Bc4 e6 6. d3 Na5 7. Nd2 Be7 8. 0-0 0-0 9. a3 b6 10. Ba2 Ba6 11. Nf3 d5 12. exd5 Nxd5 13. Nxd5 exd5 14. Re1 Bf6 15. Ne5 c4 16. dxc4 dxc4 17. Qxd8 Raxd8 18. Be3 Rfe8 19. Bd4 h6 20. Bc3 Nb7 21. Nc6 Bxc3 22. Nxd8 Rxe1+ 23. Rxe1 Bxe1 24. Nxb7 Bxb7 25. Bxc4 Kf8 26. Kf1 Bh4 27. g3 Bf6 28. b3 a5 29. Kf2 Bd4+ 30. Ke2 Be4 31. Bd3 f5 32. Bxe4 fxe4 33. c4 Bc5 34. h3 Kf7 35. g4 Kf6 36. Kd2 g6 37. Ke2 Ke6 38. Kd2 h5 39. b4 Bd4 0-1

[Event "LSS No Engine Cup 184 Preliminary 0"]
[Site "LSS email"]
[Date "2018.12.02"]
[Round "?"]
[White "Littlewood, Richard"]
[Black "Schoppe, Gottfried"]
[Result "1-0"]
[WhiteElo "1569"]
[BlackElo "1273"]
[PlyCount "51"]
[EventDate "2018.12.03"]
[EventType "tourn (corr)"]
[EventRounds "6"]
[EventCountry "GER"]
[SourceTitle "Corr 2022"]
[Source "ChessBase"]
[SourceDate "2021.10.24"]
[SourceVersion "1"]
[SourceVersionDate "2021.10.24"]
[SourceQuality "1"]

1. e4 e5 2. f4 Nc6 3. Nf3 d6 4. Bc4 Be7 5. 0-0 Nf6 6. Nc3 0-0 7. d4 exd4 8. Nxd4 Bg4 9. Nxc6 bxc6 10. Qd4 Be6 11. Bd3 c5 12. Qf2 Ng4 13. Qf3 f5 14. exf5 Bxf5 15. Bxf5 Nf6 16. Be6+ Kh8 17. Bd2 Nd7 18. Bxd7 Qxd7 19. Rae1 Rab8 20. b3 Bf6 21. Nd5 Bg5 22. Qh5 Bh6 23. Re7 Rf5 24. Qg4 Qc6 25. Qxf5 g6 26. Qf7 1-0

[Event "LSS No Engine Cup 183 Preliminary 0"]
[Site "LSS email"]
[Date "2018.10.05"]
[Round "?"]
[White "Ortiz, Juan Guillermo"]
[Black "Schoppe, Gottfried"]
[Result "0-1"]
[WhiteElo "1050"]
[BlackElo "1299"]
[PlyCount "58"]
[EventDate "2018.10.06"]
[EventType "tourn (corr)"]
[EventRounds "6"]
[EventCountry "GER"]
[SourceTitle "Corr 2022"]
[Source "ChessBase"]
[SourceDate "2021.10.24"]
[SourceVersion "1"]
[SourceVersionDate "2021.10.24"]
[SourceQuality "1"]

1. e4 e5 2. Nf3 Nc6 3. Bc4 Nf6 4. d3 Bb4+ 5. Bd2 d6 6. a3 Bxd2+ 7. Nbxd2 0-0 8. h3 d5 9. Bxd5 Nxd5 10. exd5 Qxd5 11. 0-0 Nd4 12. Ne4 f5 13. Nxd4 fxe4 14. dxe4 Qxd4 15. Qxd4 exd4 16. Rad1 c5 17. f3 b6 18. Kh2 Ba6 19. Rf2 Rae8 20. b4 Rxe4 21. bxc5 bxc5 22. Kg3 Re3 23. Kh2 Re2 24. Kg1 Rfe8 25. g4 Re1+ 26. Rxe1 Rxe1+ 27. Kg2 d3 28. cxd3 Bxd3 29. h4 c4 0-1

[Event "LSS No Engine Cup 181 Preliminary 0"]
[Site "LSS email"]
[Date "2018.08.20"]
[Round "?"]
[White "Schoppe, Gottfried"]
[Black "Gyongyosi, Peter Laszlo"]
[Result "0-1"]
[WhiteElo "1304"]
[BlackElo "1088"]
[PlyCount "88"]
[EventDate "2018.08.21"]
[EventType "tourn (corr)"]
[EventRounds "6"]
[EventCountry "GER"]
[SourceTitle "Corr 2022"]
[Source "ChessBase"]
[SourceDate "2021.10.24"]
[SourceVersion "1"]
[SourceVersionDate "2021.10.24"]
[SourceQuality "1"]

1. e4 e5 2. Nf3 Nc6 3. Bc4 Nf6 4. d3 Bc5 5. 0-0 0-0 6. c3 a6 7. a4 d6 8. b4 Ba7 9. Bg5 Bg4 10. Nbd2 h6 11. Bh4 g5 12. Bg3 Nh7 13. h3 Bh5 14. Qb3 Bg6 15. Nh2 Kg7 16. Kh1 Nf6 17. h4 Nh5 18. Ndf3 Nxg3+ 19. fxg3 Bh5 20. g4 Bg6 21. h5 Bh7 22. Nd2 Be3 23. Rad1 Qe7 24. Rf3 Bxd2 25. Rxd2 f6 26. Rdf2 Rab8 27. Be6 Nd8 28. Bf5 b5 29. a5 c5 30. Bxh7 Kxh7 31. Nf1 Nc6 32. Ne3 cxb4 33. cxb4 Nd4 34. Nd5 Qg7 35. Qd1 Nxf3 36. Qxf3 Kh8 37. Qf5 Rf7 38. Qe6 Rbf8 39. Qxd6 Rd7 40. Qxa6 Rb7 41. Rxf6 Rxf6 42. Nxf6 Rf7 43. Ne8 Rf1+ 44. Kh2 Qf8 0-1